Лекции по амфотерности

Detaylı Bibliyografya
Yazar: Таперова А. А.
Müşterek Yazar: Московский институт стали (МИС)
Diğer Yazarlar: Васильева З. Г. (редактор)
Özet:На правах рукописи
Dil:Rusça
Baskı/Yayın Bilgisi: Москва, [Б. и.], 1959
Edisyon:2-е изд.
Konular:
Materyal Türü: Kitap
KOHA link:https://koha.lib.tpu.ru/cgi-bin/koha/opac-detail.pl?biblionumber=224232

MARC

LEADER 00000nam0a2200000 4500
001 224232
005 20231101230558.0
035 |a (RuTPU)RU\TPU\book\244524 
090 |a 224232 
100 |a 20121022d1959 m y0rusy50 ca 
101 0 |a rus 
102 |a RU 
105 |a a j 000zy 
200 1 |a Лекции по амфотерности  |f А. А. Таперова, З. Г. Васильева  |g Московский институт стали (МИС) ; под ред. А. А. Таперовой 
205 |a 2-е изд. 
210 |a Москва  |c [Б. и.]  |d 1959 
215 |a 16 с.  |c ил. 
300 |a На правах рукописи 
606 1 |a Амфотерность  |2 stltpush  |3 (RuTPU)RU\TPU\subj\28956  |9 52381 
610 1 |a неорганическая химия 
610 1 |a амфотерные электролиты 
610 1 |a гидроокислы 
610 1 |a учебные пособия 
675 |a 544.36(075.8)  |v 3 
700 1 |a Таперова  |b А. А. 
701 1 |a Васильева  |b З. Г. 
702 1 |a Таперова  |b А. А.  |4 340 
712 0 2 |a Московский институт стали (МИС)  |c (1930-1962)  |2 stltpush  |3 (RuTPU)RU\TPU\col\17525 
801 1 |a RU  |b 63413507  |c 20121022 
801 2 |a RU  |b 63413507  |c 20131003  |g RCR 
942 |c BK